[Event "East Devon op"]
[Site "Exeter"]
[Date "2009.03.07"]
[Round "3"]
[White "Dunn, Andrew M"]
[Black "Eames, Robert"]
[Result "0-1"]
[WhiteElo "1912"]
[BlackElo "2256"]
[PlyCount "80"]
[EventDate "2009.03.06"]
[EventType "swiss"]
[EventRounds "5"]
[EventCountry "ENG"]
[SourceTitle "EXT 2011"]
[Source "ChessBase"]
[SourceDate "2010.11.26"]
[SourceVersion "1"]
[SourceVersionDate "2010.11.26"]
[SourceQuality "1"]

1. e4 c5 2. d3 Nc6 3. g3 d5 4. Nd2 Nf6 5. Bg2 e5 6. Ngf3 dxe4 7. dxe4 Bg4 8. h3 Bh5 9. 0-0 Qc7 10. c3 0-0-0 11. Qc2 h6 12. Re1 g5 13. a4 Bg6 14. a5 Bg7 15. Qa4 Kb8 16. b4 cxb4 17. cxb4 Nd4 18. Bb2 Rhe8 19. Rac1 Qd7 20. Qxd7 Nxd7 21. Nxd4 exd4 22. Nb3 Ne5 23. Red1 d3 24. Nc5 Nf3+ 25. Bxf3 Bxb2 26. Rb1 Bf6 27. Rxd3 Rxd3 28. Nxd3 Bxe4 29. Bxe4 Rxe4 30. Nc5 Rd4 31. Re1 Kc7 32. Re8 Rd8 33. Rxd8 Bxd8 34. Kf1 Kc6 35. Ke2 Be7 36. Nd3 Kb5 37. Kf3 f5 38. h4 Bxb4 39. Nxb4 Kxb4 40. g4 gxh4 0-1

[Event "East Devon op"]
[Site "Exeter"]
[Date "2008.03.01"]
[Round "2"]
[White "Bolt, Graham"]
[Black "Dunn, Andrew M"]
[Result "0-1"]
[WhiteElo "1992"]
[BlackElo "1840"]
[PlyCount "80"]
[EventDate "2008.02.29"]
[EventType "swiss"]
[EventRounds "5"]
[EventCountry "ENG"]
[SourceTitle "EXT 2009"]
[Source "ChessBase"]
[SourceDate "2008.11.26"]
[SourceVersion "1"]
[SourceVersionDate "2008.11.26"]
[SourceQuality "1"]

1. e4 e5 2. Nf3 d6 3. d4 f5 4. dxe5 fxe4 5. Nd4 d5 6. Bf4 c6 7. Be2 Bc5 8. 0-0 Ne7 9. Nb3 Bb6 10. c4 0-0 11. Bg5 Be6 12. cxd5 cxd5 13. Nc3 Nbc6 14. Bxe7 Nxe7 15. Na4 Nc6 16. Nbc5 Bxc5 17. Nxc5 Qe7 18. Nxe6 Qxe6 19. f4 d4 20. Qa4 d3 21. Bd1 Qg6 22. Qc4+ Kh8 23. Qc5 Rad8 24. Qe3 Rd4 25. Rc1 Rfd8 26. Rc3 Ne7 27. g4 Qb6 28. Rb3 Nd5 29. Qg3 Rb4+ 30. Kh1 Rxb3 31. Bxb3 e3 32. Qf3 Qd4 33. e6 e2 34. Rg1 Qxg1+ 35. Kxg1 e1Q+ 36. Kg2 Ne3+ 37. Kh3 Qf1+ 38. Qxf1 Nxf1 39. f5 Ne3 40. Kg3 d2 0-1

[Event "Torquay op"]
[Site "Torquay"]
[Date "2006.11.26"]
[Round "5"]
[White "Dunn, Andrew M"]
[Black "White, Ernest Michael"]
[Result "0-1"]
[WhiteElo "1848"]
[BlackElo "1960"]
[PlyCount "67"]
[EventDate "2006.11.24"]
[EventType "swiss"]
[EventRounds "5"]
[EventCountry "ENG"]
[SourceTitle "EXT 2008"]
[Source "ChessBase"]
[SourceDate "2007.11.25"]
[SourceVersion "1"]
[SourceVersionDate "2007.11.25"]
[SourceQuality "1"]

1. e4 e5 2. Nc3 Nf6 3. f4 d5 4. fxe5 Nxe4 5. d3 Nxc3 6. bxc3 Nc6 7. Nf3 Be7 8. d4 0-0 9. Bd3 f6 10. exf6 Bxf6 11. 0-0 Bg4 12. Qe1 Be7 13. Qg3 Qd7 14. Bf4 Rac8 15. Ne5 Nxe5 16. Bxe5 g6 17. h3 Bf5 18. Bxf5 Rxf5 19. Rxf5 Qxf5 20. Rf1 Qd7 21. h4 c6 22. Rf4 Qe6 23. Qh2 Rf8 24. g4 Rxf4 25. Qxf4 Qf7 26. Qxf7+ Kxf7 27. Bg3 h5 28. gxh5 gxh5 29. Kg2 Kf6 30. Kf3 Kf5 31. Be1 Ba3 32. Bd2 Bb2 33. Be1 Bc1 34. Ke2 0-1

[Event "West of England op"]
[Site "Exmouth"]
[Date "2000.04.??"]
[Round "1"]
[White "Dunn, Andrew M"]
[Black "Buckley, Simon T"]
[Result "0-1"]
[WhiteElo "2094"]
[BlackElo "2270"]
[PlyCount "96"]
[EventDate "2000.04.??"]
[EventType "swiss"]
[EventRounds "7"]
[EventCountry "ENG"]
[SourceTitle "EXT 2007"]
[Source "ChessBase"]
[SourceDate "2006.11.23"]
[SourceVersion "1"]
[SourceVersionDate "2006.11.23"]
[SourceQuality "1"]

1. Nc3 c5 2. Nf3 Nc6 3. d4 cxd4 4. Nxd4 g6 5. Bf4 d6 6. Nxc6 bxc6 7. Qd4 Nf6 8. Ne4 Bg7 9. Nxd6+ exd6 10. Bxd6 Be6 11. 0-0-0 Bf8 12. Qe5 Bxd6 13. Rxd6 Qe7 14. e4 0-0 15. Bc4 Nd7 16. Rxe6 Nxe5 17. Rxe7 Nxc4 18. Rd1 Rfe8 19. Rdd7 Rxe7 20. Rxe7 a5 21. b3 Nd6 22. e5 Nf5 23. Rc7 Ra6 24. c3 Nh4 25. Rd7 Nxg2 26. Rd4 Ne1 27. f4 Nf3 28. Rd8+ Kg7 29. h3 h5 30. Kb2 Nh4 31. b4 Ng2 32. Rd4 Kf8 33. Kb3 Ke7 34. a4 axb4 35. cxb4 Ne3 36. Rd6 Nf5 37. Rd3 Ng7 38. b5 cxb5 39. axb5 Rb6 40. Kb4 Ne6 41. Ra3 Rb7 42. Ra6 Nc7 43. Ra5 Rxb5+ 44. Rxb5 Nxb5 45. Kxb5 Ke6 46. Kc6 Kf5 47. Kd6 Kxf4 48. h4 Kf5 0-1